000 00636nam a2200205 a 4500
005 20240905063655.0
008 030408s1991 ag r 000 0 spa d
020 _a9506022255
035 _aUPN01000123650
049 _aCG
050 4 _aBF295
_bL4.3
100 1 _aLevin, Esteban
_932084
245 1 3 _aLa clínica psicomotriz :
_bel cuerpo en el lenguaje /
_cEsteban Levin ; pról. de Alfredo Jerusalinsky.
260 _aBuenos Aires :
_bNueva Visión,
_cc1991.
300 _a301 p. :
_bil.
440 0 _aPsicología contemporánea
650 7 _aPsicomotricidad
_2
_95010
650 7 _aEducación psicomotriz
_2
_95394
905 _aLibro
999 _c95829
_d95829